[Event "IECC O email"]
[Site "IECC email"]
[Date "1999.12.04"]
[Round "?"]
[White "Van Niekerk, Jan"]
[Black "Wilson, Troyce"]
[Result "1-0"]
[WhiteElo "1071"]
[BlackElo "1000"]
[PlyCount "53"]
[EventDate "1999.??.??"]
[EventType "tourn (corr)"]
[EventRounds "6"]
[SourceTitle "Corr 2008"]
[Source "ChessBase"]
[SourceDate "2008.06.24"]
[SourceVersion "1"]
[SourceVersionDate "2008.06.24"]
[SourceQuality "1"]

1. e4 e5 2. Nf3 Nf6 3. Nxe5 d6 4. Nf3 Nxe4 5. d4 d5 6. Bd3 Bd6 7. 0-0 0-0 8. c4 c6 9. cxd5 cxd5 10. Re1 Nc6 11. Nc3 Bf5 12. Nxe4 dxe4 13. Bxe4 Bxe4 14. Rxe4 Re8 15. Re1 Qb6 16. b3 Rxe1+ 17. Qxe1 Nxd4 18. Nxd4 Qxd4 19. Bd2 Rd8 20. Bc3 Qf4 21. g3 Qg4 22. Rd1 Kf8 23. Be5 Qe6 24. Bxd6+ Rxd6 25. Qb4 a5 26. Qxd6+ Qxd6 27. Rxd6 1-0